000 02771nam a2200301 4500
001 461
003 OSt
005 20250829145824.0
008 250829b |||||||g |||| 00| 1 eng d
020 _a8526233505
040 _bpor
041 _apor
082 _a028.5
_bA554m
100 _aAndrade, Telma Guimarães Castro
_9994
245 _aMomento de decisão
_cAndrade, Telma Guimarães Castro ; Ilustrações de Cecília Iwashita
260 _aSão Paulo
_bAtual
_c1997
300 _a120 p.
_bil.
520 _aO livro começa na escola Professor Cristiano Bertoni, de onde os alunos da 7ªB partem para uma excursão para uma área de vegetação de mangue, e depois para uma praia. Na trilha, cinco alunos se perdem, e acabam encontrando um avião acidentado com uma mala de dinheiro dentro. Como todos necessitam desse dinheiro, eles concordam, alguns relutantemente, em dividi-lo. Porém, no dia seguinte, quando voltam ao local, o dinheiro sumiu. O foco então se divide entre as casas desses cinco alunos, e o grande mistério fica por conta de quem roubou o dinheiro. É nessa parte da história que entra o "Momento de Decisão" do título, quando os autores deixam a decisão para o leitor. Infantojuvenil ver menos Edições (2)ver mais Momento de decisão Momento de decisão Similares (1)ver mais Nosso Filme Resenhas para Momento de decisão (3)ver mais Interessante, mas sem final Laura2em 2/1/15 Achei a história muito interessante, e adoraria saber o fim dos próprios autores. Não gosto de livros que o leitor precisa escrever/decidir o fim.... leia mais Estatísticas Desejam1 Trocam10 Avaliações2.8 / 76 5ranking 77%4ranking 2222%3ranking 3434%2ranking 2424%1ranking 1313% 16% 84% estagio e Foto -Telma Guimarães Castro Andrade Telma Guimarães Castro Andrade É formada em "Letras Vernáculas e Inglês" pela UNESP. Professora Efetiva de Inglês, aprovada em Concurso Público Oficial do Estado de São Paulo em 1979, lecionou na rede estadual de ensino em Campinas, São Paulo até 1995, quando decidiu dedicar-se somente a literat... Foto -Celso Antunes Celso Antunes Formado em geografia pela Universidade de São Paulo (USP), mestre em ciências humanas e especialista em inteligência e cognição. Membro consultor da Associação Internacional pelos Direitos da Criança Brincar, reconhecido pela UNESCO. É autor de cento e oitenta livr... Osmar cadastrou em: 01/10/2010 15:11:41
650 0 _aLiteratura Brasileira
_9205
650 0 _aRomance juvenil
_9981
650 0 _aInfantojuvenil
_9200
650 0 _aAventura
_947
655 0 _aRomance
_923
655 0 _aFicção
_922
700 _aCecília Iwashita
_eIlustrador
830 _aDiálogo
_9997
942 _2ddc
_n0
_cBK
999 _c461
_d461